00764nam a2200169 a 4500008004100000050002200041100002000063245012300083260003900206300003300245650002100278650003100299650004400330995008000374999001700454952012300471220302s2019 ||||||||||||||||| || u aCBU-PG THESIS/KUN aKunda, Stephen 10aInvestigating the effect of internal factors on Financial Performance of Commercial Banks in ZambiacBy Stephen Kunda  aKitwebCopperbelt Universityc2019 axi, 64 Pages : illustrations a BANKS IN ZAMBIA aCOMMERCIAL BANKS IN ZAMBIA aFINANCIAL PERFORMANCE - BANKS IN ZAMBIA FCBU-MAIN LIBRARY (Kitwe)M1UAVAILABLEWJun 30, 2022ZUniversity Collection c48169d48169 00102lcc4070a001b001cUniversity Collectiond2022-11-30l0oCBU-PG THESIS/KUNpB4885r2022-11-30w2022-11-30y002